Loreto College Library, Kolkata
WEBOPAC (ONLINE PUBLIC ACCESS CATALOGUE)

Indian Foreign Policy (Record no. 2755)

MARC details
000 -LEADER
fixed length control field 00741nam a2200253Ia 4500
005 - DATE AND TIME OF LATEST TRANSACTION
control field 20240115114307.0
008 - FIXED-LENGTH DATA ELEMENTS--GENERAL INFORMATION
fixed length control field 131103s9999 xx 000 0 und d
020 ## - ISBN | অাই এস বি এন
ISBN | অাই এস বি এন 070690393 5
040 ## - CATALOGING SOURCE
Original cataloging agency Loreto College
041 ## - LANGUAGE CODE
Language code English
082 ## - DDC | ডিউই
Classification number | বর্গসংখ্যা 327.1(I)
Book Number | গ্রন্থাঙ্ক NAN
245 ## - TITLE STATEMENT | অাখ্যা বিবরণী
Title | অাখ্যা Indian Foreign Policy
Sub title | উপঅাখ্যা the Nehru years
Statement of responsibility | লেখকের দায়িত্বের বিবরণ edited by B.R.Nanda
260 ## - IMPRINT | প্রকাশনা ক্ষেত্র
Place of publication | প্রকাশ স্থান Delhi
Name of publisher | প্রকাশকের নাম Vikas Publishing House
Date of publication | প্রকাশ কাল c 1976
300 ## - PHYSICAL DESCRIPTION |
Page / Vol. No | পৃষ্ঠা / খন্ড সংখ্যা ix, 279 p.
504 ## - BIBLIOGRAPHY, ETC. NOTE
Bibliography, etc Includes bibliographical references and index
630 ## - SUBJECT ADDED ENTRY--UNIFORM TITLE
Uniform title India - Foreign Policy, 1947 - 64
630 ## - SUBJECT ADDED ENTRY--UNIFORM TITLE
Uniform title International Relations
630 ## - SUBJECT ADDED ENTRY--UNIFORM TITLE
Uniform title Political Science
650 ## - SUBJECT ADDED ENTRY--TOPICAL TERM | বিষয় শিরোনাম - মূল বিষয়
Topical term | মূল বিষয় Nehru, Jawaharlal, 1889 - 1964
651 ## - SUBJECT ADDED ENTRY--GEOGRAPHIC NAME | বিষয় শিরোনাম - ভৌগলিক নাম
Geographic name | ভৌগলিক বিষয় Politics
700 ## - ADDED ENTRY--PERSONAL NAME | অতিরিক্ত সংলেখ - ব্
Personal name | ব্যাক্তিনাম Nanda, B.R.,ed.
850 ## - HOLDING INSTITUTION
Holding institution LCLIB
942 ## - ADDED ENTRY ELEMENTS (KOHA)
Koha item type Books
Holdings
Withdrawn status Lost status Source of classification Damaged status Not for loan Home library Current library Date acquired Total Checkouts Full call number Accession No. Date last seen Date checked out Price effective from Koha item type Coded location qualifier
    Dewey Decimal Classification     Loreto College Loreto College 04/11/2013 1 327.1(I) NAN 25558 B2615 21/11/2023 16/10/2023 04/11/2013 Books